Women and Religion
Cover -- Title Page -- Copyright -- Contents -- Series Foreword -- Introduction -- Chronology -- Chapter One: North America -- Chapter Two: Latin America and the Caribbean -- Chapter Three: Europe -- Chapter Four: North Africa and the Middle East -- Chapter Five: Sub-Saharan Africa -- Chapter Six: C...
| Main Author: | |
|---|---|
| Format: | Electronic Book |
| Language: | English |
| Subito Delivery Service: | Order now. |
| Check availability: | HBZ Gateway |
| Interlibrary Loan: | Interlibrary Loan for the Fachinformationsdienste (Specialized Information Services in Germany) |
| Published: |
Santa Barbara
ABC-CLIO, LLC
2021
|
| In: | Year: 2021 |
| Series/Journal: | Women and Society Around the World Ser.
|
| Further subjects: | B
Women and religion
B Electronic books |
| Online Access: |
Table of Contents Volltext (lizenzpflichtig) |
| Parallel Edition: | Erscheint auch als: 9781440871962 |
MARC
| LEADER | 00000cam a22000002c 4500 | ||
|---|---|---|---|
| 001 | 1767557558 | ||
| 003 | DE-627 | ||
| 005 | 20251226194537.0 | ||
| 007 | cr uuu---uuuuu | ||
| 008 | 210820s2021 xx |||||o 00| ||eng c | ||
| 020 | |a 9781440871979 |9 978-1-4408-7197-9 | ||
| 035 | |a (DE-627)1767557558 | ||
| 035 | |a (DE-599)KEP067688675 | ||
| 035 | |a (EBL)EBL6698556 | ||
| 035 | |a (EBC)EBC6698556 | ||
| 035 | |a (DE-627-1)067688675 | ||
| 040 | |a DE-627 |b ger |c DE-627 |e rda | ||
| 041 | |a eng | ||
| 082 | 0 | |a 200.82 | |
| 084 | |a 0 |2 ssgn | ||
| 100 | 1 | |8 1\p |e VerfasserIn |0 (DE-588)131416103 |0 (DE-627)707624533 |0 (DE-576)29846389X |4 aut |a Shaw, Susan M. |d 1960- | |
| 109 | |a Shaw, Susan M. 1960- |a Shaw, Susan Maxine 1960- | ||
| 245 | 1 | 0 | |a Women and Religion |
| 264 | 1 | |a Santa Barbara |b ABC-CLIO, LLC |c 2021 | |
| 264 | 4 | |c ©2021 | |
| 300 | |a 1 online resource (349 pages) | ||
| 336 | |a Text |b txt |2 rdacontent | ||
| 337 | |a Computermedien |b c |2 rdamedia | ||
| 338 | |a Online-Ressource |b cr |2 rdacarrier | ||
| 490 | 0 | |a Women and Society Around the World Ser. | |
| 500 | |a Description based on publisher supplied metadata and other sources | ||
| 520 | |a Cover -- Title Page -- Copyright -- Contents -- Series Foreword -- Introduction -- Chronology -- Chapter One: North America -- Chapter Two: Latin America and the Caribbean -- Chapter Three: Europe -- Chapter Four: North Africa and the Middle East -- Chapter Five: Sub-Saharan Africa -- Chapter Six: Central and East Asia -- Chapter Seven: South and Southeast Asia -- Chapter Eight: Oceania -- Bibliography -- About the Editor and Contributors -- Index. | ||
| 601 | |a Religion | ||
| 650 | 0 | |a Women and religion | |
| 650 | 4 | |a Electronic books | |
| 776 | 1 | |z 9781440871962 | |
| 776 | 0 | 8 | |i Erscheint auch als |n Druck-Ausgabe |z 9781440871962 |
| 856 | 4 | 0 | |u https://ebookcentral.proquest.com/lib/kxp/detail.action?docID=6698556 |m X:EBC |x Aggregator |z lizenzpflichtig |7 1 |
| 856 | 4 | 2 | |u https://www.gbv.de/dms/bowker/toc/9781440871962.pdf |v 2021-10-20 |x Aggregator |3 Inhaltsverzeichnis |7 1 |
| 883 | |8 1\p |a cgwrk |d 20250301 |q DE-101 |u https://d-nb.info/provenance/plan#cgwrk | ||
| 912 | |a ZDB-30-PQE | ||
| 951 | |a BO | ||
| ELC | |a 1 | ||
| ORI | |a SA-MARC-ixtheo_oa001.raw | ||
| REL | |a 1 | ||
| SUB | |a REL | ||



